书目信息 |
| 题名: |
常用化学试剂手册
|
|
| 作者: | 谢偶生 编 | |
| 分册: | ||
| 出版信息: | 北京 中国医药科技出版社 1991.04 |
|
| 页数: | 455页 | |
| 开本: | 32开 | |
| 丛书名: | ||
| 单 册: | ||
| 中图分类: | O652.3-62 | |
| 科图分类: | ||
| 主题词: | 分析化学 , 分析(化学) | |
| 电子资源: | ||
| ISBN: | 7-5067-0276-2 | |
| 000 | 00585nam0 2200205 45 | |
| 001 | 0006201017 | |
| 005 | 20000620103632.8 | |
| 010 | @a7-5067-0276-2@d8.00元 | |
| 100 | @a20000620d1991 km y0chiy0120 ea | |
| 101 | 0 | @achi |
| 105 | @a z 000yy | |
| 200 | 1 | @a常用化学试剂手册@AChang Yong Hua Xue Shi Ji Shou Ce@f谢偶生编@FXie Ou Sheng Bian |
| 210 | @a北京@c中国医药科技出版社@d1991.04 | |
| 215 | @a455页@d32开 | |
| 606 | 0 | @a分析化学 |
| 606 | 0 | @a分析(化学) |
| 690 | @aO652.3-62@v3 | |
| 701 | 0 | @a谢偶生@4编 |
| 801 | @aCN@bPftUser@c20000620 | |
| 905 | @b209022@dO652.3-62@eX790@f1 | |
| 常用化学试剂手册/谢偶生编.-北京:中国医药科技出版社,1991.04 |
| 455页;32开 |
| ISBN 7-5067-0276-2:8.00元 |
| ● |
| 相关链接 |
|
|
|
正题名:常用化学试剂手册
索取号:O652.3-62/X790
 
预约/预借
| 序号 | 登录号 | 条形码 | 馆藏地/架位号 | 状态 | 备注 |
| 1 | 209022 | 202090227 | 自科库401/401自科库 65排7列2层/ [索取号:O652.3-62/X790] | 在馆 |